| 000 | 00540nam a2200169 4500 | ||
|---|---|---|---|
| 999 |
_c18080 _d18080 |
||
| 008 | 230503b ||||| |||| 00| 0 eng d | ||
| 020 | _a9781265079833 | ||
| 082 |
_22023 _aDC 658.3124 _bN68 |
||
| 100 |
_aNoe, Raymond A. _948368 |
||
| 245 |
_aEmployee training and development / _cRaymond A. Noe. |
||
| 250 | _aNinth edition. | ||
| 260 |
_aNew York : _bMcGrawHill, _c©2023. |
||
| 300 |
_axix, 540 pages : _billustrations; _c23 cm. |
||
| 500 | _aIncludes glossary and indexes. | ||
| 650 |
_aEmployees _xTraining _948369 |
||
| 942 |
_2ddc _cDC |
||